| 000 | 01514cam a2200313 a 4500 | ||
|---|---|---|---|
| 001 | 15213342 | ||
| 005 | 20160822150634.0 | ||
| 008 | 080310s2009 nju b 001 0 eng | ||
| 010 | _a2008009788 | ||
| 020 | _a9780136054771 (alk. paper) | ||
| 020 | _a0136054773 (alk. paper) | ||
| 040 |
_aDLC _cDLC _dDLC |
||
| 043 | _ad------ | ||
| 050 | 0 | 0 |
_aHC59.7 _b.H299 2009 |
| 082 | 0 | 0 |
_a338.90091724 _222 _bHAN |
| 100 | 1 |
_aHandelman, Howard, _d1943- _93690 |
|
| 245 | 1 | 4 |
_aThe Challenge of Third World Development / _cHoward Handelman. |
| 250 | _a5th ed. | ||
| 260 |
_aUpper Saddle River, NJ : _bPearson Prentice Hall, _cc2009. |
||
| 300 |
_axiv, 348 p. ; _c23 cm. |
||
| 504 | _aIncludes bibliographical references and index. | ||
| 505 | 0 | _aUnderstanding underdevelopment -- Democratic change and the change to democracy -- Religion and politics -- The politics of cultural pluralism and ethnic conflict -- Women and development -- Agrarian reform and the politics of rural change -- Rapid urbanization and the politics of the urban poor -- Revolutionary change -- Soldiers and politics -- The political economy of Third World development. | |
| 650 | 0 |
_aEconomic development. _93691 |
|
| 651 | 0 |
_aDeveloping countries _xEconomic conditions. _93692 |
|
| 651 | 0 |
_aDeveloping countries _xPolitics and government. _93694 |
|
| 651 | 0 |
_93693 _aDeveloping countries _xEconomic policy |
|
| 942 |
_2ddc _cBB |
||
| 999 |
_c11301 _d11301 |
||